| 000 | 00000nam 2200000zi 4500 |
| 001 | 9.941841 |
| 003 | CaOODSP |
| 005 | 20250122144734 |
| 006 | m o d f |
| 007 | cr cn||||||||| |
| 008 | 240814e20240531qucad ob f000 0 fre d |
| 020 | |a9780660731513|q(rapport d'évaluation) |
| 020 | |a9780660731520|q(sommaire) |
| 040 | |aCaOODSP|bfre|erda|cCaOODSP |
| 043 | |an-cn--- |
| 086 | 1 |aCH7-74/1-2024F-PDF |
| 086 | 1 |aCH7-74/2-2024F-PDF |
| 245 | 00|aÉvaluation du Programme de contestation judiciaire 2017-2018 à 2022-2023. |
| 264 | 1|a[Gatineau, Québec] : |bPatrimoine canadien = Canadian Heritage, |c31 mai 2024. |
| 264 | 4|c©2024 |
| 300 | |a1 ressource en ligne (iv, 34 pages) : |billustrations, graphique + |esommaire (2 pages non numérotées) |
| 336 | |atexte|btxt|2rdacontent/fre |
| 337 | |ainformatique|bc|2rdamedia/fre |
| 338 | |aressource en ligne|bcr|2rdacarrier/fre |
| 500 | |aPublié aussi en anglais sous le titre : Evaluation of the Court Challenges Program 2017-18 to 2022-23. |
| 504 | |aComprend des références bibliographiques. |
| 520 | |a« Le présent document constitue le rapport final de l’évaluation du Programme de contestation judiciaire (PCJ). Ce programme a pour objectif d’appuyer les Canadiens dans la présentation de causes types d’importance nationale devant les tribunaux afin de clarifier et faire valoir certains droits constitutionnels et quasi constitutionnels en matière de langues officielles et de droits de la personne » -- Sommaire, page iii. |
| 610 | 16|aCanada. |bPatrimoine canadien|xÉvaluation. |
| 650 | 6|aDroits linguistiques|zCanada. |
| 650 | 6|aDroits de l'homme|zCanada. |
| 650 | 6|aActions et défenses|zCanada|xFinances. |
| 710 | 1 |aCanada. |bPatrimoine canadien. |bServices d'évaluation, |eorganisme de publication. |
| 775 | 08|tEvaluation of the Court Challenges Program 2017-18 to 2022-23.|w(CaOODSP)9.941839 |
| 856 | 40|qPDF|s1.27 Mo|uhttps://publications.gc.ca/collections/collection_2025/pch/CH7-74-1-2024-fra.pdf|zRapport |
| 856 | 40|qPDF|s242 Ko|uhttps://publications.gc.ca/collections/collection_2025/pch/CH7-74-2-2024-fra.pdf|zSommaire |
| 856 | 4 |qHTML|sS.O.|uhttps://www.canada.ca/fr/patrimoine-canadien/organisation/publications/evaluations/evaluation-contestation-judiciare-2023.html|zRapport |
| 856 | 4 |qHTML|sS.O.|uhttps://www.canada.ca/fr/patrimoine-canadien/organisation/publications/evaluations/evaluation-contestation-judiciare-2023/sommaire.html|zSommaire |